|
|
|
|
| LEADER |
01271nam a2200289 u 4500 |
| 001 |
10080526 |
| 003 |
upatras |
| 005 |
20241207063344.0 |
| 008 |
091001q19 f gre |
| 040 |
|
|
|a GR-PaULI
|c GR-PaULI
|
| 041 |
0 |
|
|a gre
|
| 082 |
1 |
4 |
|a 320.94
|2 22
|
| 100 |
1 |
|
|a Χατζηαργύρης, Κώστας Δ.
|d 1912-1963
|9 5150
|
| 245 |
1 |
0 |
|a Η Ευρώπη μπρος στην ύφεση και το σοσιαλισμό
|c Κώστα Χατζηαργύρη; πρόλογος Λεωνίδα Κύρκου
|
| 260 |
|
|
|a Αθήνα
|b Gutenberg
|c [19--]
|
| 300 |
|
|
|a 286 σ.
|b πίν.
|c 23 εκ.
|
| 490 |
0 |
|
|a Η εποχή μας
|
| 610 |
2 |
0 |
|a Ευρωπαϊκή Ένωση
|9 1339
|
| 650 |
|
4 |
|a Σοσιαλισμός
|z Ευρώπη
|9 81946
|
| 651 |
|
4 |
|a Ευρώπη
|x Πολιτική και διακυβέρνηση
|9 15181
|
| 760 |
1 |
|
|a Η εποχή μας
|
| 700 |
1 |
|
|a Κύρκος, Λεωνίδας Μ.,
|d 1924-2011
|9 81947
|
| 852 |
|
|
|a GR-PaULI
|b ΠΑΤΡΑ
|b ΦΙΛΟΛΟΓΙΑ
|k ΔΑΝΕΙΖ-6
|h 320.94 ΧΑΤ
|m 011098
|p 025000087831
|t 1
|
| 942 |
|
|
|2 ddc
|
| 952 |
|
|
|0 0
|1 0
|4 0
|6 320_940000000000000_ΧΑΤ
|7 0
|9 84262
|a LTRT
|b LTRT
|d 2016-04-24
|i 011098
|l 0
|o 320.94 ΧΑΤ
|p 025000087831
|r 2016-04-24 00:00:00
|t 1
|w 2016-04-24
|
| 998 |
|
|
|c ELIDOC
|d 2009-09
|
| 999 |
|
|
|c 56329
|d 56329
|